Pokémonattaken der 8. Generation - Statistiken

Allgemein
  • Dieses Quiz wurde 13 mal gespielt
  • Das Durchschnittsergebnis liegt bei 32 aus 57
Antwortstatistiken
Tipp Antwort % Korrekt
Morpeko Aura-Rad
90%
Katapuldra Drachenpfeile
90%
Drapfel Gravitation
90%
Fossilien Kiemenbiss
90%
Inteleon Präzisionsschuss
90%
Fossilien Schockschnabel
90%
Gortrom Trommelschläge
90%
Barrikadax Abblocker
80%
DLC Brandsand
80%
Liberlo Feuerball
80%
Legios Finalformation
80%
Pelzebub Kniefalltrick
80%
Montecarbo Teerschuss
80%
Pokusan Verzierung
80%
Schlapfel Apfelsäure
70%
DLC Doppelflügel
70%
Endynalos Dynamax-Kanone
70%
Zacian Gigantenhieb
70%
Zamazenta Gigantenstoß
70%
DLC Grasrutsche
70%
Punk-Rock Overdrive
70%
Olangaar Seelenbruch
70%
Liberlo Seitenwechsel
70%
DLC Dreifach-Axel
60%
Kamalm Fesselbiss
60%
Heilung, Raid-Support Lebenstropfen
60%
DLC Rollwende
60%
Speziell, Rückstoß Stahlstrahl
60%
Lauchzelot Sternensturm
60%
Smogmog Wunderdampf
60%
Chimpep Zweigstoß
60%
Drache, Angriffssenkung Breitseite
50%
DLC Coaching
50%
Wulaosu Finstertreffer
50%
DLC Meteorstrahl
50%
DLC Nebelexplosion
50%
Grandiras Seelentanz
50%
Mortipot Teatime
50%
Wulaosu Trefferschwall
50%
Endynalos Unendynastrahlen
50%
Zarude Dschungelheilung
40%
DLC Eisenwalze
40%
DLC Schuppenschuss
40%
DLC Feldimpuls
30%
DLC Flächenmacht
30%
DLC Hochspannung
30%
DLC Krabbelkracher
30%
DLC Neidflammen
30%
Kaocto Octoklammer
30%
DLC Poltergeist
30%
Schlaraffel Backenstopfer
20%
DLC Frustventil
20%
DLC Korrosionsgas
20%
Silembrim Magiepuder
20%
DLC Muschelwaffe
20%
Defensive ->Offensive Body Press
10%
Flunschlik Fangeisen
0%
Keine übereinstimmenden Quizze gefunden
Verteilung der Resultate
Anzahl Personen mit jedem Resultat
Perzentil nach korrekt beantworteten Fragen
Ihre Resultats-Entwicklung
Sie haben dieses Quiz noch nicht gespielt